000 00358nam a22001457a 4500
003 OSt
005 20240403163033.0
008 240403b |||||||| |||| 00| 0 eng d
040 _cCentral Library MRSPTU
100 _aChetan Bhagat
245 _a2 States The Story of My Marriage
260 _aNew Delhi
_bRupa.Co
_c2010
300 _a269
942 _2ddc
_cBK
_n0
999 _c9979
_d9979